Statistieken voor Nationale luchtvaartmaatschappijen

Klik hier om de quiz te nemen!

Algemene statistieken

  • Deze quiz is 39 keer genomen
  • De gemiddelde score is 14 van 24

Antwoordstatistieken

MaatschappijLand% Correct
LufthansaDuitsland
100%
KLMNederland
100%
RyanAirIerland
94%
IberiaSpanje
88%
EmiratesVerenigde Arabische Emiraten
84%
QantasAustralië
78%
AeroflotRusland
75%
DeltaVerenigde Staten
75%
All NipponJapan
72%
El AlIsraël
69%
AlitaliaItalië
69%
TAPPortugal
56%
AegeanGriekenland
53%
Virgin AtlanticVerenigd Koninkrijk
53%
LOTPolen
50%
Cathay PacificChina
41%
WestJetCanada
38%
Gulf AirBahrein
34%
GolBrazilië
34%
AviancaColombia
31%
Lion AirIndonesië
31%
LATAMChili
28%
Air AsiaMaleisië
28%
Cebu PacificFilipijnen
22%

Scoreverdeling

Percentiel versus Aantal Correcte Antwoorden

Procent van Mensen met Elke Score

Uw Scoregeschiedenis

U heeft deze quiz nog niet genomen